00296nam a22001097a 450000500170000002000180001708200170003510000200005224500470007226000500011930000170016920260625132205.0 a9781009400701 a327.09 BAR/B aBartelson, Jens aBecoming International/cby Jens Bartelson a. - U Kb: Cambridge University Pressc, 2023 avi+281 pages